=LDR 00000nam 2200000 4500 =001 INLIS000000000009985 =005 20130612101731 =008 ***********************************Ind** =035 ##$$0010-061300000009985 =041 ##$$a Ind =082 ##$$a 2x9.8 =090 ##$$a 2x9.8, Kha m =100 ##$$a Abu Khalid =245 ##$$a Mutiara kisah teladan =260 ##$$a 2003 $b Surabaya =300 ##$$a 96 hlm, 21 cm =650 ##$$a Sufi-Kumpulan humor =850 ##$$a NBPNMAT